| 000 | 00511nam a2200205Ia 4500 | ||
|---|---|---|---|
| 005 | 20240823013339.0 | ||
| 008 | 240823s9999||||xx |||||||||||||| ||und|| | ||
| 020 | _a0-19-566804-9 | ||
| 041 | _aENGLISH | ||
| 082 | _A004.6 P4 | ||
| 100 | _aMeenakshi Raman | ||
| 245 | 0 | _aTechnical Communication | |
| 250 | _a1st | ||
| 260 |
_c2004 _bOxford University _aNew Delhi |
||
| 500 | _aTRANSFERED | ||
| 650 |
_aCommunication _bComputer Science |
||
| 700 | _a Sangeetha Sharma | ||
| 942 | _cBK | ||
| 999 |
_c166988 _d166988 |
||